01099naa#a2200217#i#4500001001500000005001700015100004100032102000700073200012800080210016900208215001000377608006000387675011200447700005400559700006000613700006400673700005200737700004800789700002600837856001800863RU\\bibl\1925420260418193035.6##a20260417b2026####ek#y0rusy0150####ca##aRU1#aО БЕЗОПАСНОСТИ ДВИЖЕНИЯ В ЗИМНИЙ ПЕРИОДeСтатья/тезисы конференции1#aВоронежcВоронежский государственный лесотехнический университет имени Г.Ф. Морозоваd2026##a5 с.##aСтатья/тезисы конференции2local##aПрочие вопросы организации и эксплуатации транспорта. 656.09#1aСтруковgЮрий Вячеславович#1aЗеликовgВладимир Анатольевич#1aДенисовgГеннадий Александрович#1aКазачекgМария Николаевна#1aСтруковаgИрина Юрьевна#1aКлявинgВ. Э.4#abibl.vgltu.ru